Longing For Sunshine (Record no. 169280)

MARC details
000 -LEADER
fixed length control field 00635nam a22002057a 4500
003 - CONTROL NUMBER IDENTIFIER
control field dpl
005 - DATE AND TIME OF LATEST TRANSACTION
control field 20191113145723.0
008 - FIXED-LENGTH DATA ELEMENTS--GENERAL INFORMATION
fixed length control field 191113b ||||| |||| 00| 0 eng d
010 ## - LIBRARY OF CONGRESS CONTROL NUMBER
LC control number B-031781
020 ## - INTERNATIONAL STANDARD BOOK NUMBER
International Standard Book Number 81-260-1157-2
035 ## - SYSTEM CONTROL NUMBER
System control number B-031781
040 ## - CATALOGING SOURCE
Transcribing agency 0
100 ## - MAIN ENTRY--PERSONAL NAME
Personal name Malik,Syed Abdul
Dates associated with a name 2001
245 ## - TITLE STATEMENT
Title Longing For Sunshine
Remainder of title Surya Mukheer Swapna
Statement of responsibility, etc Syed Abdul Malik & Translated By Pradip Acharya
Medium Englsih
260 ## - PUBLICATION, DISTRIBUTION, ETC. (IMPRINT)
Place of publication, distribution, etc New Delhi
Name of publisher, distributor, etc Sahitya Akademi Rabindra Bhavan ,35 Ferozeshah Road
Date of publication, distribution, etc 2001
300 ## - PHYSICAL DESCRIPTION
Extent 171p.
Dimensions 20cms
Size of unit 20cms
500 ## - GENERAL NOTE
General note Glossary
700 ## - ADDED ENTRY--PERSONAL NAME
Personal name Acharya, Pradip
942 ## - ADDED ENTRY ELEMENTS (KOHA)
Source of classification or shelving scheme Dewey Decimal Classification
Koha item type English Books
Classification part N
Item part MAL
Call number prefix N
Call number suffix MAL
Holdings
Withdrawn status Lost status Source of classification or shelving scheme Damaged status Not for loan Collection code Home library Current library Date acquired Source of acquisition Cost, normal purchase price Total Checkouts Full call number Barcode Date last seen Cost, replacement price Price effective from Koha item type
    Dewey Decimal Classification     Fiction Shahdara Branch Shahdara Branch 13/11/2019 BPPD/PUB 120.00   N MAL b-031781 13/11/2019 120.00 13/11/2019 English Books

© Delhi Public Library
Hit Counter
free hit counter